Rabbi Judah ha-Nasi: statesman, reformer, and redactor of the Mishnah
| Main Author: | |
|---|---|
| Corporate Author: | |
| Format: | Print Book |
| Language: | English |
| Subito Delivery Service: | Order now. |
| Check availability: | HBZ Gateway |
| WorldCat: | WorldCat |
| Interlibrary Loan: | Interlibrary Loan for the Fachinformationsdienste (Specialized Information Services in Germany) |
| Published: |
Tübingen
Mohr Siebeck
[2017]
|
| In: | Year: 2017 |
| Standardized Subjects / Keyword chains: | B
Jehuda Ha-Nasi 135-200
|
| RelBib Classification: | BH Judaism |
| Further subjects: | B
Rabbinic Judaism
B Mishnah B Biography B Rabbinic literature |
| Online Access: |
Inhaltstext (Publisher) |
MARC
| LEADER | 00000cam a2200000 c 4500 | ||
|---|---|---|---|
| 001 | 1631060600 | ||
| 003 | DE-627 | ||
| 005 | 20251225203854.0 | ||
| 007 | tu | ||
| 008 | 171211s2017 gw ||||| 00| ||eng c | ||
| 015 | |a 17,N25 |2 dnb | ||
| 016 | 7 | |a 1135293864 |2 DE-101 | |
| 020 | |a 9783161506857 |c Broschur : EUR 29.00 (DE) |9 978-3-16-150685-7 | ||
| 020 | |a 3161506855 |c circa EUR 35.00 (DE), circa EUR 36.00 (AT) |9 3-16-150685-5 | ||
| 024 | 3 | |a 9783161506857 | |
| 035 | |a (DE-627)1631060600 | ||
| 035 | |a (DE-576)496211633 | ||
| 035 | |a (DE-599)DNB1135293864 | ||
| 035 | |a (OCoLC)990782172 | ||
| 035 | |a (OCoLC)1018220154 | ||
| 040 | |a DE-627 |b ger |c DE-627 |e rda | ||
| 041 | |a eng |h heb | ||
| 044 | |c XA-DE |c XA-DE-BW | ||
| 082 | 0 | |a 290 | |
| 082 | 0 | |a 296.092 | |
| 082 | 0 | 4 | |a 290 |q DE-101 |
| 084 | |a 1 |2 ssgn | ||
| 084 | |a BD 3100 |q DE-24/20sred |2 rvk |0 (DE-625)rvk/9905: | ||
| 084 | |a BD 3750 |q OBV |2 rvk |0 (DE-625)rvk/9974: | ||
| 084 | |a 11.22 |2 bkl | ||
| 100 | 1 | |e VerfasserIn |0 (DE-588)103206868 |0 (DE-627)493436324 |0 (DE-576)162442874 |4 aut |a Openhaimer, Aharon |d 1940- | |
| 109 | |a Openhaimer, Aharon 1940- |a Ôppenhaimer, Aharon 1940- |a ʾWPNHJJMR, Aharon 1940- |a Oppenheimer, Aaron 1940- |a Oppenheimer, Aharon 1940- |a ʾÔppenhaymer, ʾAhăron 1940- |a Openhaymer, Aharon 1940- | ||
| 240 | 1 | 0 | |a Rabi Yehudah ha-Naśi |
| 245 | 1 | 0 | |a Rabbi Judah ha-Nasi |b statesman, reformer, and redactor of the Mishnah |c Aharon Oppenheimer |
| 264 | 1 | |a Tübingen |b Mohr Siebeck |c [2017] | |
| 264 | 4 | |c © 2017 | |
| 300 | |a XIV, 291 Seiten |b Illustrationen | ||
| 336 | |a Text |b txt |2 rdacontent | ||
| 337 | |a ohne Hilfsmittel zu benutzen |b n |2 rdamedia | ||
| 338 | |a Band |b nc |2 rdacarrier | ||
| 500 | |a Literaturverzeichnis: Seite 263-275 | ||
| 583 | 1 | |a Archivierung/Langzeitarchivierung gewährleistet |f PEBW |x XA-DE-BW |2 pdager |5 DE-24 | |
| 601 | |a Mishnah | ||
| 630 | 0 | 7 | |0 (DE-588)4170126-4 |0 (DE-627)105404713 |0 (DE-576)209927763 |a Mishnah |2 gnd |
| 650 | 0 | 7 | |0 (DE-588)4139772-1 |0 (DE-627)105632902 |0 (DE-576)209697199 |a Rabbinismus |2 gnd |
| 650 | 0 | 7 | |0 (DE-588)4048110-4 |0 (DE-627)106192329 |0 (DE-576)209076100 |a Rabbinische Literatur |2 gnd |
| 650 | 0 | 7 | |0 (DE-588)4006804-3 |0 (DE-627)104213493 |0 (DE-576)208867147 |a Biografie |2 gnd |
| 652 | |a BH | ||
| 689 | 0 | 0 | |d p |0 (DE-588)119211440 |0 (DE-627)080009980 |0 (DE-576)211658308 |2 gnd |a Jehuda Ha-Nasi |d 135-200 |
| 689 | 0 | |5 DE-101 | |
| 710 | 2 | |e Verlag |0 (DE-588)10165783-3 |0 (DE-627)714354244 |0 (DE-576)263586200 |4 pbl |a Mohr Siebeck GmbH & Co. KG | |
| 856 | 4 | 2 | |u http://deposit.dnb.de/cgi-bin/dokserv?id=c38e1e31a9fe4fb1be81c5b442c54733&prov=M&dok_var=1&dok_ext=htm |m X:MVB |q text/html |x Verlag |3 Inhaltstext |7 1 |
| 889 | |w (DE-627)890835918 | ||
| 935 | |a BIIN | ||
| 935 | |i mdedup | ||
| 936 | r | v | |a BD 3100 |b Sekundärliteratur zur Mischna |k Theologie und Religionswissenschaften |k Judaistik |k Religions- und Kulturgeschichte der Juden |k Talmudisch-Rabbinisches Judentum (ca. 70-600) |k Quellen und Literatur |k Mischna |k Sekundärliteratur zur Mischna |0 (DE-627)1270714961 |0 (DE-625)rvk/9905: |0 (DE-576)200714961 |
| 936 | r | v | |a BD 3750 |b Tannaiten, Amoräer etc. |k Theologie und Religionswissenschaften |k Judaistik |k Religions- und Kulturgeschichte der Juden |k Talmudisch-Rabbinisches Judentum (ca. 70-600) |k Personen |k Tannaiten, Amoräer etc. |0 (DE-627)1270715747 |0 (DE-625)rvk/9974: |0 (DE-576)200715747 |
| 936 | b | k | |a 11.22 |j Rabbinica |0 (DE-627)106404253 |
| 951 | |a BO | ||
| BIB | |a 1 | ||
| CAN | |a 1 | ||
| ELC | |b 1 | ||
| ITA | |a 1 | ||
| LOK | |0 000 xxxxxcx a22 zn 4500 | ||
| LOK | |0 001 3281335241 | ||
| LOK | |0 003 DE-627 | ||
| LOK | |0 004 1631060600 | ||
| LOK | |0 005 20190417125036 | ||
| LOK | |0 008 181011||||||||||||||||ger||||||| | ||
| LOK | |0 040 |a DE-21-31 |c DE-627 |d DE-21-31 | ||
| LOK | |0 541 |e 19/918 | ||
| LOK | |0 852 |a DE-21-31 | ||
| LOK | |0 852 1 |c Ra I c 3 |m p |9 00 | ||
| LOK | |0 866 |x IJ | ||
| LOK | |0 938 |a 1904 |f E15 | ||
| LOK | |0 938 |k p | ||
| LOK | |0 939 |a 11-10-18 |b l01 | ||
| LOK | |0 000 xxxxxcx a22 zn 4500 | ||
| LOK | |0 001 3281335500 | ||
| LOK | |0 003 DE-627 | ||
| LOK | |0 004 1631060600 | ||
| LOK | |0 005 20190312003715 | ||
| LOK | |0 008 190311||||||||||||||||ger||||||| | ||
| LOK | |0 035 |a (DE-Tue135-1)250753 | ||
| LOK | |0 040 |a DE-Tue135-1 |c DE-627 |d DE-Tue135-1 | ||
| LOK | |0 852 |a DE-Tue135-1 | ||
| LOK | |0 852 1 |c FTHNT074527 |m p |9 00 | ||
| LOK | |0 852 2 |b Y 64 |9 00 | ||
| LOK | |0 935 |a iMON | ||
| LOK | |0 936ln |0 1442043520 |a BH | ||
| LOK | |0 938 |k p | ||
| LOK | |0 939 |a 11-03-19 |b l12 | ||
| ORI | |a SA-MARC-ixtheoa001.raw | ||
| REL | |a 1 | ||
| STA | 0 | 0 | |a Biography,Biography as a literary form,Mishnah,Mišnā,Rabbinic Judaism,Rabbinic literature |
| STB | 0 | 0 | |a Biographie,Littérature rabbinique,Rabbinisme |
| STC | 0 | 0 | |a Biografía,Literatura rabínica,Rabinismo |
| STD | 0 | 0 | |a Biografia,Letteratura rabbinica,Rabbinismo,Ebraismo rabbinico,Ebraismo rabbinico |
| STE | 0 | 0 | |a 传记,拉比文献,拉比典籍,拉比犹太教 |
| STF | 0 | 0 | |a 傳記,拉比文獻,拉比典籍,拉比猶太教 |
| STG | 0 | 0 | |a Biografia,Literatura rabínica,Rabinismo |
| STH | 0 | 0 | |a Биография,Раввинизм,Раввинская литература |
| STI | 0 | 0 | |a Βιογραφία,Ραββινική λογοτεχνία,Ραβινισμός |
| SUB | |a CAN |a BIB |a REL | ||
| SYD | 0 | 0 | |a Mišnā,Mišnāh,Talmud,Mishnah,Mischna,Michna,Mishna,Mišnah,Mišna,Michnah,Mishnah,0,Mishnayot,Shishah sidre Mishnah,ששה סדרי משנה,משניות |
| SYE | 0 | 0 | |a Rabbinische Theologie,Rabbinisches Judentum , Biografie : ein Spiel , Biographie,Biographie,Biographisches Nachschlagewerk,Lebensbeschreibung,Berühmte Persönlichkeit,Biografisches Nachschlagewerk |
| SYG | 0 | 0 | |a Yehûdā han-Nāśîʿ,135-200,Jehuda,der Fürst,135-200 |



